000 00812cam a2200289 a 4500
001 3925568
003 OSt
005 20210215114116.0
008 920903s1993 paua b 001 0 eng c
010 _a 92049420
020 _a0874345502
040 _aDNLM/DLC
_cDLC
_dDLC
_dPHNSL
050 0 0 _aRT41
_b.N886 1993
060 _aWY 100 N9755
082 0 0 _a610.73
_220
245 0 0 _aNursing procedures.
250 _aStudent version.
260 _aSpringhouse, Pa. :
_bSpringhouse Corp.,
_c1992.
300 _axii, 788 p. :
_bill. ;
_c23 cm.
504 _aIncludes bibliographical references and index.
650 0 _aNursing.
650 2 _aNursing Care.
710 2 _aSpringhouse Corporation.
906 _a7
_bcbc
_corignew
_d1
_eocip
_f19
_gy-gencatlg
942 _2lcc
_cBK
999 _c321
_d321